Normal view
MARC view
- Matinuddin, Kamal.
Entry Personal Name
001 - CONTROL NUMBER
- control field: 5530
003 - CONTROL NUMBER IDENTIFIER
- control field: NUST
005 - DATE AND TIME OF LATEST TRANSACTION
- control field: 20171019124416.0
008 - FIXED-LENGTH DATA ELEMENTS
- fixed length control field: 171019|| aca||aabn | a|a d
040 ## - CATALOGING SOURCE
- Original cataloging agency: NUST
- Transcribing agency: NUST
100 ## - HEADING--PERSONAL NAME
- Personal name: Matinuddin, Kamal.
670 ## - SOURCE DATA FOUND
- Source citation: Work cat.: (NUST)0: Matinuddin, Kamal., Tragedy of errors :, 1994.
